000 01168 aa a2200253 4500
999 _c67687
_d67687
005 20190109114747.0
008 090529t xxu||||| |||| 00| 0 hin d
010 _a
020 _a
_c150.00
035 _aB-502
035 _aB-506
035 _aB-524, B-000544
037 _bपराग प्रकाशन
040 _adpl
_bHIN
082 _a613
100 _aभारद्वाज, शीतांशु
_91297
245 _aरोग और उपचार /
_cशीतांशु भारद्वाज
260 _aनई दिल्ली
_bपराग प्रकाशन
_c2000
270 _aआई-2/16, मेन अंसरी रोड दरियागंज
_bनई दिल्ली
_e110002
300 _a158पृ
_bसचित्र
_c22 सेमी (सजिल्द)
942 _adpl
_cHN
_k / भारद्वा
_2ddc
_h616
_mभारद्वा